00487nam a2200193Ia 4500003000900000008004100009040001300050040001300063041000800076100001900084245010100103250001300204260001200217260000900229300001100238300001000249490002500259490000900284IT-RoPAU120407s9999 xx 000 0 und d aIT-RoPAU cIT-RoPAU aita aGiovanni Locke aDella guida dell’intelligenza nella ricerca della verità. Intr. critica di Eugenio Cipriani. aLanciano aCarabba c1931 a168 p. c19 cm aCultura dell’anima v1107